000 00797nam a22002297a 4500
005 20260428160508.0
008 260428b |||||||| |||| 00| 0 eng d
020 _a8125024794 (hbk)
037 _cREF
040 _aCRL
_cCRL
041 _2eng
_aeng
084 _aY:88.4498'N5 P3 (RR)
_qCRL
100 _aWickramasinghe, Nira
245 _aDressing the colonised body:
_bpolitics, clothing and identity in Sri Lanka
260 _aHyderabad, India:
_bOrient Longman Private Limited,
_c2003.
300 _a157p.
365 _b570.00
_cINR
650 _aSociology
650 _aColonised Body
_91235911
942 _2CC
_cREF
_hY:88.4498'N5 P3 (RR)
_n0
999 _c1848608
_d1848608